000
00324nam a2200109Ia 4500
008
171204s9999 xx 000 0 und d
245
_a
Samsung Galaxy Tabs For Dummies:
245
_c
Dan Gookin
260
_c
2014
650
_x
ADVANCED OPERATING SYSTEM AND NETWORKING
856
_u
http://down.ebook777.com/052/1118772946.pdf
999
_c
347114
_d
347114